مكتبة جامعة عجلون الوطنية

فهرس بحث المكتبة

اثر المسؤولية الاجتماعية على القيمة السوقية في الشركات الصناعية المدرجة في بورصة عمان: نوع الصناعة كمتغير معدل = The Impact of Social Responsibility on the Market Value for Listed Industrial Companies at Amman Stock Exchange - Industry Type as a Moderating Variable / (Record no. 31266)

MARC details
000 -LEADER
fixed length control field 01483nam a2200253Ii 4500
003 - CONTROL NUMBER IDENTIFIER
control field JO-AjNU
005 - DATE AND TIME OF LATEST TRANSACTION
control field 20240625115332.0
008 - FIXED-LENGTH DATA ELEMENTS--GENERAL INFORMATION
fixed length control field 230605s9999||||xx |||||||||||||| ||und||
040 ## - CATALOGING SOURCE
Original cataloging agency JO-AjNU
Language of cataloging ara
Description conventions rda
Transcribing agency JO-AjNU
041 ## - LANGUAGE CODE
Language code of text/sound track or separate title ara
050 14 - LIBRARY OF CONGRESS CALL NUMBER
Classification number HF5625 2021
100 #1 - MAIN ENTRY--PERSONAL NAME
Personal name الصمادي، معاذ بسام عطا
Relator term معد
9 (RLIN) 65627
245 00 - TITLE STATEMENT
Title اثر المسؤولية الاجتماعية على القيمة السوقية في الشركات الصناعية المدرجة في بورصة عمان: نوع الصناعة كمتغير معدل = The Impact of Social Responsibility on the Market Value for Listed Industrial Companies at Amman Stock Exchange - Industry Type as a Moderating Variable /
Statement of responsibility, etc. اعداد معاذ بسام عطا الصمادي؛ اشراف علي عبدالله الزعبي، شرين محمود العلي
264 31 - PRODUCTION, PUBLICATION, DISTRIBUTION, MANUFACTURE, AND COPYRIGHT NOTICE
Place of production, publication, distribution, manufacture 2021
300 ## - PHYSICAL DESCRIPTION
Extent 85 ورقة
336 ## - CONTENT TYPE
Content type term text
Content type code txt
Source rdacontent
337 ## - MEDIA TYPE
Media type term unmediated
Media type code n
Source rdamedia
338 ## - CARRIER TYPE
Carrier type term volume
Carrier type code nc
Source rdacarrier
500 ## - GENERAL NOTE
General note رسالة جامعية(اطروحة ماجستير) جامعة عجلون الوطنية، كلية ادارة الاعمال، تخصص المحاسبة؛ 2021
650 #4 - SUBJECT ADDED ENTRY--TOPICAL TERM
Topical term or geographic name entry element القيمة السوقية-المسؤولية الاجتماعية-الشركات الصناعية
9 (RLIN) 61295
700 #1 - ADDED ENTRY--PERSONAL NAME
Personal name الزعبي، علي عبدالله
9 (RLIN) 65219
Relator term مشرف رئيسي
700 #1 - ADDED ENTRY--PERSONAL NAME
Personal name العلي، شرين محمود
Relator term مشرف مشارك
9 (RLIN) 65628
942 ## - ADDED ENTRY ELEMENTS (KOHA)
Source of classification or shelving scheme Library of Congress Classification
Koha item type Thesis
Holdings
Withdrawn status Lost status Source of classification or shelving scheme Damaged status Not for loan Home library Current library Shelving location Date acquired Total Checkouts Full call number Barcode Date last seen Price effective from Koha item type
    Library of Congress Classification     مكتبة جامعة عجلون الوطنية مكتبة جامعة عجلون الوطنية المراجع 06/06/2023   HF5625 2021 A27698 06/06/2023 06/06/2023 Thesis
    Library of Congress Classification     مكتبة جامعة عجلون الوطنية مكتبة جامعة عجلون الوطنية   25/06/2024   HF5625 2021 a27699 25/06/2024 25/06/2024 Thesis